000 00707cab a2200229 4500
001 WB3236-33
008 090401t1996 xxu||||| |||| 00| 0 eng d
035 _a(Sirsi) u8023
041 _aeng
245 _aMPG on silica sand
260 _c1996
300 _aLOAN
350 _a0
490 _aDoE News Release
_v(390) 23 September 1996 (2)
520 _aMineral Planning Guidance note 15 (MPG15), called `Provision of Silica Sand in England`, is designed to help mineral planning authorities to develop policies for the provision of silica sand.
650 _aMINERAL PLANNING
650 _aMPG15
650 _aSILICA SAND
690 _aMINING AND MINERALS
942 _n0
948 _c04/03/1997
999 _c4887
_d4887